| 000 | 01869nam a2200373 4500 | ||
|---|---|---|---|
| 001 | 350 | ||
| 003 | OSt | ||
| 005 | 20250528074018.0 | ||
| 008 | 250401b |||||||g |||| 00| 1 eng d | ||
| 020 | _a9788580411522 | ||
| 040 | _bpor | ||
| 041 |
_heng _apor |
||
| 082 |
_a813 _bB877s |
||
| 100 | 1 |
_aBrown, Dan, _d1964- _9179 |
|
| 240 | _aInferno | ||
| 245 |
_aInferno / _cBrown, Dan ; Tradução de Fabiano Morais e Fernanda Abreu |
||
| 260 |
_aSão Paulo _bArqueiro _c2013 |
||
| 300 | _a443 p. | ||
| 490 | 1 |
_aSaga Robert Langdon _vLivro 04 |
|
| 500 | _aInferno Sequência de: O Símbolo Perdido | ||
| 520 | _a Neste fascinante thriller, Dan Brown retoma a mistura magistral de história, arte, códigos e símbolos que o consagrou em "O Código Da Vinci", "Anjos e Demônios" e "O Símbolo Perdido" e faz de Inferno sua aposta mais alta até o momento. No coração da Itália, Robert Langdon, o professor de Simbologia de Harvard, é arrastado para um mundo angustiante centrado numa das obras literárias mais duradouras e misteriosas da história: O Inferno, de Dante Alighieri. Numa corrida contra o tempo, ele luta contra um adversário assustador e enfrenta um enigma engenhoso que o leva para uma clássica paisagem de arte, passagens secretas e ciência futurística. Tendo como pano de fundo poema de Dante, e mergulha numa caçada frenética para encontrar respostas e decidir em quem confiar, antes que o mundo que conhecemos seja destruído. | ||
| 650 | 0 |
_aLiteratura Americana _984 |
|
| 650 | 0 |
_aSuspense _910 |
|
| 650 | 0 |
_aMistério _942 |
|
| 650 | 0 |
_aAventura _947 |
|
| 650 | 0 |
_aVírus _9728 |
|
| 650 | 0 |
_aAmnésia _9729 |
|
| 655 | 0 |
_aRomance _923 |
|
| 655 | 0 |
_aFicção _922 |
|
| 700 |
_aFernanda Abreu _eTradutor _9185 |
||
| 700 |
_aFabiano Morais _eTradutor _9727 |
||
| 830 |
_aSaga Robert Langdon _9181 _vLivro 04 |
||
| 942 |
_2ddc _n0 _cBK |
||
| 999 |
_c350 _d350 |
||